| 000 | 00595nam a22001937a 4500 | ||
|---|---|---|---|
| 005 | 20151001123927.0 | ||
| 010 | _aENG-113755 | ||
| 020 |
_a9789383948284 _c350.00 |
||
| 035 | _aEN- 97287 | ||
| 037 | _bDBAD/PUB | ||
| 082 | _a005.1 | ||
| 245 |
_aTo understand software engineering / _cby S.K. Sharma...[et al] |
||
| 260 |
_aBihar _bShiv Books Publising _c2015 |
||
| 270 |
_aRoad No-9, Ashok Nagar, Kankar Bagh, Patna _bBihar _e800020 |
||
| 300 |
_avarious pagings : _c24cm(pbk) _bill. |
||
| 500 | _aIncludes index | ||
| 700 | _aSharma, S.K. | ||
| 942 |
_2ddc _cEN _mTOU _h005.1 |
||
| 999 |
_c95386 _d95386 |
||